000 01059cam a2200241 i 4500
005 20160227132138.0
008 090922s2008 ck ado r 000 00spa d
020 _a9789588317373
040 _aCO-BoPUJ
_cCO-BoIAVH
_dCO-BoIAVH
041 0 _aspa
082 0 4 _a633.84
_bB27c
100 1 _aBarrera G., Jaime Alberto
245 1 3 _aLa cadena productiva del ají en el departamento de Vaupés :
_buna alternativa sostenible
_cJaime Alberto Barrera García y (otros cinco autores más).
260 _aBogotá :
_bInstituto Amazónico de Investigaciones Científicas,
_c2008.
300 _a134 páginas :
_bilustraciones, fotos a color, gráficos y tablas ;
_c23 x 17 cm.
504 _aIncluye referencias bibliográficas.
650 1 4 _aAjí
_xCultivo
_zVaupés (Colombia)
650 2 4 _aAgricultura sostenible
_zVaupés (Colombia)
650 2 4 _aGermoplasma vegetal
_zVaupés (Colombia)
650 2 4 _aAgricultura biológica
_zVaupés (Colombia)
650 2 4 _aCultivos tropicales
_zVaupés (Colombia)
942 _2ddc
_cLIBRO
999 _c6504
_d6504